Statistics for Popular Movies by Poster VI

Click here to take the quiz!

General Stats

  • This quiz has been taken 507 times
  • The average score is 12 of 16

Answer Stats

Answer% Correct
Jaws
99%
Indiana Jones and the Raiders of the Lost Ark
96%
Madagascar
96%
Happy Feet
88%
Bohemian Rhapsody
87%
Grease
84%
Fantastic Four
80%
The Fast and the Furious
80%
School of Rock
76%
Mr. and Mrs. Smith
73%
Good Will Hunting
72%
Inglourious Basterds
69%
Troy
68%
The Blind Side
53%
The Proposal
53%
The Book of Eli
26%

Score Distribution

Percentile by Number Answered

Percent of People with Each Score

Your Score History

You have not taken this quiz